| 000 | 00617nam a2200181 a 4500 | ||
|---|---|---|---|
| 005 | 20230601063534.0 | ||
| 008 | 991125s1962 mx 000 0 spa u | ||
| 035 | _aUPN01000041431 | ||
| 049 | _aCG | ||
| 050 | 4 |
_aLB2853 M6 _bN6.6 |
|
| 245 | 0 | 0 | _aNo puede haber educación verdaderamente gratuita, como lo manda la Constitución sin libros de texto gratuitos. |
| 260 |
_aMéxico : _bInstituto Nacional de la Juventud Mexicana, _c1962. |
||
| 300 | _a180 p. | ||
| 440 | 0 |
_aCiclo presidente López Mateos ; _v41 |
|
| 500 | _aDatos tomados de la cubierta | ||
| 650 | 4 |
_aLibros de texto _zMéxico _915565 |
|
| 905 | _aLibro | ||
| 999 |
_c41431 _d41431 |
||